Datum a čas kvízu
40.5
Celkem bodů
Celkový počet nahraných bodů na tomto kvízu bez doplňovacích otázek.
3.
Pořadí na kvízu
Konečné umístění týmu na tomto kvízu.
Zaznamenané odpovědi
| # | Otázka | Odpověď | Body | Výsledky |
|---|---|---|---|---|
| 1. | Národní park České Švýcarsko z... | rysa ostrovida | 1 | |
| 2. | Francouzské námořnictvo muselo... | A | 1 | |
| 3. | Český rozhlas minulý týden ozn... | Libor Bouček | 1 | |
| 4. | Jak se jmenuje nový moderátor... | Martin Řezníček | 1 | |
| 5. | Minulý týden bylo oznámeno, že... | Rytíře Kladno | 1 | |
| 1. | Vítězné téma „vražedně“ těsnéh... | Hercule Poirot | 1 | |
| 2. | Fiktivní detektiv třetí třídy... | Ed McBain, New York | 1 | |
| 3. | Přiřaďte autory severských det... | 1A 2D 3B 4C | 1 | |
| 4. | Stopy, kořist, smrt, ticho, zl... | Dokonalý (Dokonalá/Dokonalé) | 0 | |
| 5. | Jednou z nejúspěšnějších český... | Zmizela v mlze (Norsko), Ostrov šedých mnichů (Nizozemsko) | 0 |